000 00254nam a22000977a 4500
999 _c11669
_d11669
008 191125b ||||| |||| 00| 0 eng d
020 _a9789380278575
100 _aWells,H.G.
_97371
245 _aThe Time Machine
260 _aNew Delhi
_bPaper Clip Books
_c2019